000 00409nam a2200145Ia 4500
008 240729s9999 xx 000 0 und d
022 _a2188-9554
245 0 _aIAFOR Journal of Language Learning
260 _aJapan
260 _bThe International Academic Forum
650 _aLanguage and Literature
856 _uhttps://doaj.org/toc/4bd7e010938a450fa4709ec3b0a4fea9
942 _2ddc
942 _cDOAJEJ
999 _c72245
_d72245
945 _a1
_bMadushi Gamage
_c1
_dMadushi Gamage